Normal view
MARC view
Entry Topical Term
001 - CONTROL NUMBER
- control field: 53680
003 - CONTROL NUMBER IDENTIFIER
- control field: dpl
005 - DATE AND TIME OF LATEST TRANSACTION
- control field: 20121121112032.0
008 - FIXED-LENGTH DATA ELEMENTS
- fixed length control field: 121121|||a|||||| | ||| d
040 ## - CATALOGING SOURCE
- Original cataloging agency: dpl
- Transcribing agency: dpl
150 ## - HEADING--TOPICAL TERM
- Topical term or geographic name as entry element: Electronic commerce.
670 ## - SOURCE DATA FOUND
- Source citation: Work cat.: (dpl)0: Alpert, Jed 53679, The mobile marketing revolution :, 2012
670 ## - SOURCE DATA FOUND
- Source citation: Work cat.: (dpl)0: Alpert, Jed 53679, The mobile marketing revolution :, 2012
